טוען...

Kurichyarude jeevithavum samskaravum

מידע ביבליוגרפי
מחבר ראשי: KUMARAN VAYALERI
פורמט: Printed Book
שפה:Malayalam
יצא לאור: PAYYANNOOR PUSTHAKA BHAVAN
LEADER 00472 a2200121 4500
008 111204s9999 xx 000 0 mal d
100 |a KUMARAN VAYALERI 
245 |a Kurichyarude jeevithavum samskaravum  |c /Kumaran,Vayaleri 
260 |a PAYYANNOOR  |b PUSTHAKA BHAVAN 
300 |a 112p. 
942 |c BK 
999 |c 228953  |d 228953 
952 |0 0  |1 0  |2 ddc  |4 0  |6 307_772000000000000_KUM_K  |7 0  |9 252888  |a MAL  |b MAL  |c ST1  |d 2011-07-06  |g 75.00  |l 5  |m 1  |o 307.772 KUM/K  |p MAL32757  |r 2015-06-20  |s 2015-04-18  |w 2011-12-05  |y BK